header

Person-centred therapy (Record no. 159745)

MARC details
000 -LEADER
fixed length control field 01230nam a2200325Ia 4500
245 00 - TITLE STATEMENT
Title Person-centred therapy
260 ## - PUBLICATION, DISTRIBUTION, ETC. (IMPRINT)
Place of publication London ;
-- Thousand Oaks :
Name of publisher SAGE,
Year of publication 1998.
300 ## - PHYSICAL DESCRIPTION
Number of Pages xi, 243 p.
650 #0 - SUBJECT ADDED ENTRY--TOPICAL TERM
Topical Term Client-centered psychotherapy.
Topical Term Psychotherapy.
700 1# - ADDED ENTRY--PERSONAL NAME
Personal name Lambers, Elke.
Personal name Thorne, Brian,
856 40 - ELECTRONIC LOCATION AND ACCESS
Uniform Resource Identifier http://site.ebrary.com/lib/rucke/Doc?id=10326933

No items available.

© 2026 Rongo University
Contact us: librarian | system librarian | Rongo university